000 00384nam a22001457a 4500
999 _c4499
_d4499
003 GBCCL
005 20241126110519.0
008 180123b xxu||||| |||| 00| 0 eng d
040 _cgbc
100 _aZeiller, Jacques
_98373
245 _aChristian Beginnings /
_cJacques Zeiller
260 _aNew York:
_bHawthorn Books Publishers,
_c1960
300 _a184 p.;
_c22 cm.
942 _2ddc
_cBK